| 000 | 00592nam a2200205Ia 4500 | ||
|---|---|---|---|
| 003 | SISC | ||
| 005 | 20160822090543.0 | ||
| 008 | 140429s9999 xx 000 0 und d | ||
| 020 | _a9780840058782 | ||
| 050 |
_aHA 29 _b.J587 2012 |
||
| 100 | _aJohnson, Robert. | ||
| 245 |
_aElementary statistics / _cRobert Johnson and Patricia Kuby. |
||
| 250 | _a11th edition. | ||
| 260 |
_aAustralia : _bBrooks/Cole Cengage Learning, _c2012. |
||
| 300 |
_a803 pages : _bill. (some col.) ; _c28 cm. |
||
| 500 | _aIncludes index. | ||
| 650 | _aStatistics. | ||
| 942 |
_kFOR _cBK _2lcc |
||
| 999 |
_c115684 _d115684 |
||